Statistiques concernant Pays les plus proches de la Biélorussie - Une minute de sprint

Cliquez ici pour prendre le quiz!

Statistiques générales

  • Ce quiz a été pris 86 fois
  • Le résultat moyen est 15 sur 20

Statistiques - réponses

kmpays% Correct
0Russie
100%
0Lettonie
95%
0Lituanie
95%
0Pologne
95%
0Ukraine
95%
157Estonie
94%
357Hongrie
82%
267Slovaquie
78%
365Roumanie
77%
395Tchèquie
77%
571Allemagne
76%
568Autriche
75%
470Finlande
75%
337Moldavie
71%
515Suède
67%
646Serbie
62%
740Slovénie
53%
544Danemark
39%
715Croatie
37%
801Bosnie-
Herzégovine
35%

Distribution des résultats

Percentile par nombre de réponses

% des personnes avec chaque résultat

Votre développement - résultats

Vous n’avez pas pris ce quiz